000 01088nam a2200301 i 4500
003 EG-GICUC
005 20260430201853.0
008 260430s1901 ams||||f||||| 00| 0 fre d
040 _aEG-GiCUC
_bfre
_cEG-GiCUC
_dEG-GiCUC
_eRda
041 _afre
082 0 4 _221
_a343.62205
_bCI . D
092 0 4 _221
099 _aLaw1 10 343.62205 CI . D 1901 1010913 C1
111 2 _aCinquième Congrès International D'anthropologie Criminelle.
_cAmsterdam , Hollande
_d1901
_n5nd
245 1 0 _aD'anthropologie Criminelle :
_bTenu À Amsterdam En 1901 Rapports /
_cCinquième Congrès International D'anthropologie Criminelle.
264 1 _aAmsterdam :
_bImprimerie J. H. De Bussy,
_c1901.
300 _a135 page ;
_c24 cm.
336 _2rda contenu
_a texte
337 _2rda medias
_aOrdinateur
338 _2 transporteur rda
_a Ressource en ligne
546 _aTexte en français
650 1 4 _aDroit pénal
650 1 4 _aAnthropologie médico-légale
651 1 _2qrmak
856 4 0 _uhttps://fll.law.cu.edu.eg/fulltext/bks/B10-10913.pdf
905 _a164
942 _2ddc
_cBK
_e21
_n0
999 _c74589
_d74589